Tödlich verlaufende elterliche Gewalt: psychiatrische Auswertung von Daten einer bundesweiten multizentrischen Studie (Berichtszeitraum 1985 bis 1989)
| 1. VerfasserIn: | |
|---|---|
| Medienart: | Druck Buch |
| Sprache: | Deutsch |
| Veröffentlicht: |
Bonn
Psychiatrie-Verl.
2006
|
| In: | Jahr: 2006 |
| Ausgabe: | 1. Aufl. |
| Online-Zugang: |
Inhaltsverzeichnis Rezension (Verlag) |
| Bestand in Tübingen: | In Tübingen vorhanden. IFK: C II 575 |
| Verfügbarkeit prüfen: | HBZ Gateway |
| Subito Bestelldienst: | Jetzt bestellen. |
| Schlagwörter: |
MARC
| LEADER | 00000cam a2200000 c 4500 | ||
|---|---|---|---|
| 001 | 504587889 | ||
| 003 | DE-627 | ||
| 005 | 20251223211020.0 | ||
| 007 | tu | ||
| 008 | 051214s2006 gw ||||| m 00| ||ger c | ||
| 010 | |a 2006421499 | ||
| 015 | |a 06,N01,0175 |2 dnb | ||
| 015 | |a 06,A19,0764 |2 dnb | ||
| 016 | 7 | |a 97725786X |2 DE-101 | |
| 020 | |a 9783884144077 |9 978-3-88414-407-7 | ||
| 020 | |a 3884144073 |c kart. : EUR 29.90, ca. sfr 52.20 |9 3-88414-407-3 | ||
| 035 | |a (DE-627)504587889 | ||
| 035 | |a (DE-576)250491958 | ||
| 035 | |a (DE-599)DNB97725786X | ||
| 035 | |a (OCoLC)254747204 | ||
| 035 | |a (OCoLC)68804271 | ||
| 035 | |a (DE-605)HT014624033 | ||
| 035 | |a (AT-OBV)AC04992966 | ||
| 040 | |a DE-627 |b ger |c DE-627 |e rakwb | ||
| 041 | |a ger | ||
| 044 | |c XA-DE-NW | ||
| 050 | 0 | |a HV6542 | |
| 082 | 0 | |a 150 | |
| 082 | 0 | 4 | |a 360 |
| 082 | 0 | 4 | |a 150 |
| 084 | |a E 713 |2 kab | ||
| 084 | |a E 714 |2 kab | ||
| 084 | |a F 231 |2 kab | ||
| 084 | |a O 203 |2 kab | ||
| 084 | |a O 460 |2 kab | ||
| 084 | |a O 511 |2 kab | ||
| 084 | |a 5,2 |2 ssgn | ||
| 084 | |a MS 1990 |2 rvk |0 (DE-625)rvk/123627: | ||
| 084 | |a MS 6440 |2 rvk |0 (DE-625)rvk/123755: | ||
| 084 | |a 44.91 |2 bkl | ||
| 084 | |a 86.41 |2 bkl | ||
| 100 | 1 | |a Schlang, Christiane |d 1970- |0 (DE-588)131489046 |0 (DE-627)509813143 |0 (DE-576)298541068 |4 aut | |
| 109 | |a Schlang, Christiane 1970- | ||
| 245 | 1 | 0 | |a Tödlich verlaufende elterliche Gewalt |b psychiatrische Auswertung von Daten einer bundesweiten multizentrischen Studie (Berichtszeitraum 1985 bis 1989) |c Christiane Schlang |
| 250 | |a 1. Aufl. | ||
| 264 | 1 | |a Bonn |b Psychiatrie-Verl. |c 2006 | |
| 300 | |a 142 S. |b graph. Darst. |c 24 cm | ||
| 336 | |a Text |b txt |2 rdacontent | ||
| 337 | |a ohne Hilfsmittel zu benutzen |b n |2 rdamedia | ||
| 338 | |a Band |b nc |2 rdacarrier | ||
| 490 | 0 | |a Forschung für die Praxis - Hochschulschriften | |
| 502 | |a Zugl.: Frankfurt am Main, Univ., Diss., 2005 | ||
| 583 | 1 | |a Archivierung prüfen |c 20240324 |f DE-4165 |z 3 |2 pdager | |
| 650 | 0 | |a Filicide |z Germany | |
| 650 | 0 | |a Homicide |z Germany | |
| 650 | 0 | |a Abused children |x Mortality |z Germany | |
| 650 | 0 | |a Children |x Crimes against |z Germany | |
| 655 | 7 | |a Hochschulschrift |0 (DE-588)4113937-9 |0 (DE-627)105825778 |0 (DE-576)209480580 |2 gnd-content | |
| 689 | 0 | 0 | |d s |0 (DE-588)4014516-5 |0 (DE-627)106339788 |0 (DE-576)208908218 |a Eltern |2 gnd |
| 689 | 0 | 1 | |d s |0 (DE-588)4157237-3 |0 (DE-627)105502421 |0 (DE-576)209832878 |a Gewalttätigkeit |2 gnd |
| 689 | 0 | 2 | |d s |0 (DE-588)4030652-5 |0 (DE-627)10626916X |0 (DE-576)208988491 |a Kindestötung |2 gnd |
| 689 | 0 | 3 | |d s |0 (DE-588)4055886-1 |0 (DE-627)106156543 |0 (DE-576)209115769 |a Sozialpsychiatrie |2 gnd |
| 689 | 0 | |5 DE-101 | |
| 689 | 1 | 0 | |d s |0 (DE-588)4723056-3 |0 (DE-627)365816949 |0 (DE-576)21575591X |a Häusliche Gewalt |2 gnd |
| 689 | 1 | 1 | |d s |0 (DE-588)4030550-8 |0 (DE-627)104360100 |0 (DE-576)208988165 |a Kind |2 gnd |
| 689 | 1 | |5 (DE-627) | |
| 751 | |a Frankfurt am Main |0 (DE-588)4018118-2 |0 (DE-627)106327356 |0 (DE-576)208922695 |4 uvp | ||
| 856 | 4 | 2 | |u http://www.gbv.de/dms/hbz/toc/ht014624033.pdf |m V:DE-605 |q pdf/application |v 2008-11-15 |x Verlag |y Inhaltsverzeichnis |3 Inhaltsverzeichnis |7 1 |
| 856 | 4 | 2 | |u http://www.socialnet.de/rezensionen/isbn.php?isbn=978-3-88414-407-7 |m V:DE-601 |m B:socialnet. |q text/html |v 201307-05 |x Verlag |y Rezension (socialnet.) |3 Rezension |7 1 |
| 935 | |i Blocktest | ||
| 936 | r | v | |a MS 1990 |b Eltern-Kind-Beziehungen, Vater , Mutter, Pflegeeltern |k Soziologie |k Spezielle Soziologien |k Familiensoziologie |k Eltern-Kind-Beziehungen, Vater , Mutter, Pflegeeltern |0 (DE-627)1271300494 |0 (DE-625)rvk/123627: |0 (DE-576)201300494 |
| 936 | r | v | |a MS 6440 |b Einzelprobleme (Armut etc.) |k Soziologie |k Spezielle Soziologien |k Soziale Probleme |k Einzelprobleme (Armut etc.) |0 (DE-627)1270917900 |0 (DE-625)rvk/123755: |0 (DE-576)200917900 |
| 936 | b | k | |a 44.91 |j Psychiatrie |j Psychopathologie |0 (DE-627)106409972 |
| 936 | b | k | |a 86.41 |j Kriminologie |0 (DE-627)181572001 |
| 951 | |a BO | ||
| ELC | |b 1 | ||
| LOK | |0 000 xxxxxcx a22 zn 4500 | ||
| LOK | |0 001 3244435971 | ||
| LOK | |0 003 DE-627 | ||
| LOK | |0 004 504587889 | ||
| LOK | |0 005 20070412164911 | ||
| LOK | |0 008 070412||||||||||||||||ger||||||| | ||
| LOK | |0 040 |a DE-21-110 |c DE-627 |d DE-21-110 | ||
| LOK | |0 541 |e 07/76 | ||
| LOK | |0 689 |a s |a Häusliche Gewalt | ||
| LOK | |0 689 |a s |a Elterliche Gewalt | ||
| LOK | |0 689 |a s |a Gewalt gegen Kinder | ||
| LOK | |0 689 |a s |a Viktimisierung | ||
| LOK | |0 689 |a s |a Täter | ||
| LOK | |0 689 |a s |a Psychiatrische Begutachtung | ||
| LOK | |0 852 |a DE-21-110 | ||
| LOK | |0 852 1 |c C II 575 |m p |9 00 | ||
| LOK | |0 936ln |a 10.10 | ||
| LOK | |0 938 |k p | ||
| LOK | |0 939 |a 12-04-07 |b l01 | ||
| ORI | |a SA-MARC-krimdoka001.raw | ||
| SIG | |a IFK: C II 575 | ||
